5 countries of each continent with lowest GDP - Statistics

General Stats
  • This quiz has been taken 10 times
  • The average score is 22 of 30
Answer Stats
GDP (in millions of $) Answer % Correct
43431 Bolivia
90%
1192 Grenada
90%
948 Saint Vincent and the Grenadines
90%
3302 Andorra
80%
1242 Comoros
80%
599 Dominica
80%
2455 East Timor
80%
1624 Guinea-Bissau
80%
207 Kiribati
80%
5900 Maldives
80%
41855 Paraguay
80%
1115 Saint Kitts and Nevis
80%
1623 San Marino
80%
2005 Seychelles
80%
71161 Uruguay
80%
2707 Bhutan
70%
2053 Cape Verde
70%
14839 Guyana
70%
6872 Liechtenstein
70%
271 Marshall Islands
70%
6816 Monaco
70%
6127 Montenegro
70%
506 Sao Tome and Principe
70%
3011 Suriname
70%
1692 Antigua and Barbuda
60%
134 Nauru
60%
226 Palau
60%
64 Tuvalu
60%
9750 Kyrgyzstan
50%
9983 Tajikistan
50%
No matching quizzes found
Score Distribution
Percent of People with Each Score
Percentile by Number Answered
Your Score History
You have not taken this quiz